Синтез сополимера на основе молочной кислоты; Химия и химическая технология в XXI веке

Bibliografske podrobnosti
Parent link:Химия и химическая технология в XXI веке.— 2019.— [С. 543-544]
Glavni avtor: Доржеева Б. М.
Korporativna značnica: Национальный исследовательский Томский политехнический университет Исследовательская школа химических и биомедицинских технологий (ИШХБМТ)
Drugi avtorji: Новиков В. Т. Виктор Тимофеевич (научный руководитель)
Izvleček:Заглавие с экрана
Jezik:ruščina
Izdano: 2019
Serija:Химическая технология полимерных материалов
Teme:
Online dostop:http://earchive.tpu.ru/handle/11683/55529
Format: Elektronski Book Chapter
KOHA link:https://koha.lib.tpu.ru/cgi-bin/koha/opac-detail.pl?biblionumber=629567

MARC

LEADER 00000naa2a2200000 4500
001 629567
005 20240117161553.0
035 |a (RuTPU)RU\TPU\conf\30233 
035 |a RU\TPU\conf\30232 
090 |a 629567 
100 |a 20190719d2019 k y0rusy50 ca 
101 0 |a rus 
102 |a RU 
105 |a y z 101zy 
135 |a drgn ---uucaa 
181 0 |a i  
182 0 |a b 
200 1 |a Синтез сополимера на основе молочной кислоты  |f Б. М. Доржеева  |g науч. рук. В. Т. Новиков 
203 |a Текст  |c электронный 
225 1 |a Химическая технология полимерных материалов 
300 |a Заглавие с экрана 
320 |a [Библиогр.: с. 544 (3 назв.)] 
463 0 |0 (RuTPU)RU\TPU\conf\29907  |t Химия и химическая технология в XXI веке  |o материалы XX Международной научно-практической конференции имени профессора Л. П. Кулёва студентов и молодых ученых, 20–23 мая 2019 г., г. Томск  |f Национальный исследовательский Томский политехнический университет  |v [С. 543-544]  |d 2019 
610 1 |a электронный ресурс 
610 1 |a труды учёных ТПУ 
610 1 |a синтез 
610 1 |a сополимеры 
610 1 |a молочная кислота 
610 1 |a биоматериалы 
610 1 |a биосовместимость 
700 1 |a Доржеева  |b Б. М. 
702 1 |a Новиков  |b В. Т.  |c химик  |c доцент Томского политехнического университета, кандидат химических наук  |f 1946-  |g Виктор Тимофеевич  |4 727  |9 13515 
712 0 2 |a Национальный исследовательский Томский политехнический университет  |b Исследовательская школа химических и биомедицинских технологий (ИШХБМТ)  |c (2017- )  |3 (RuTPU)RU\TPU\col\23537 
801 2 |a RU  |b 63413507  |c 20190807  |g RCR 
856 4 |u http://earchive.tpu.ru/handle/11683/55529 
942 |c BK